| 000 | 00400 a2200145 4500 | ||
|---|---|---|---|
| 003 | OSt | ||
| 005 | 20240208110624.0 | ||
| 008 | 240208b |||||||| |||| 00| 0 eng d | ||
| 020 | _a9788182524897 | ||
| 040 | _cOCLC | ||
| 082 |
_a294.5923 _bWIL/M |
||
| 245 | _aMahabharata / | ||
| 260 |
_aMUMBAI: _bWILCO PUBLISHING HOUSE, |
||
| 942 |
_2ddc _cBK _h294.5923 _iWIL/M _k294.5923 _mWIL/M |
||
| 999 |
_c44383 _d44383 |
||